En images, les 352 sportifs français les plus médaillés aux JO (3) - Statistiques

Statistiques générales
  • Ce quiz a été pris 15 fois
  • Le résultat moyen est 19 sur 88
Statistiques - réponses
Par images Hint Réponse % Correct
Natation Léon {Marchand}
91%
Athlétisme Renaud {Lavillenie}
91%
Natation Florent {Manaudou}
82%
Judo Romane {Dicko}
73%
Handball Thierry {Omeyer}
73%
Volley Ball Jean {Patry}
64%
Natation Jérémy {Stravius}
64%
Handball Ludovic {Fabregas}
64%
Escrime Sara {Balzer}
64%
Natation Yannick {Agnel}
64%
Handball Bertrand {Gille}
55%
Patinage artistique Guillaume {Cizeron}
55%
Handball Guillaume {Gille}
55%
Handball Jérôme {Fernandez}
55%
Handball Alexandra {Lacrabère}
45%
Judo Amandine {Buchard}
45%
Escrime Auriane {Mallo-Breton}
45%
Handball Cédric {Sorhaindo}
45%
Handball Didier {Dinart}
45%
Natation Fabien {Gilot}
45%
Handball Grâce {Zaadi}
45%
Escrime Gustave {Buchard}
45%
Judo Lucie {Décosse}
45%
Judo Madeleine {Malonga}
45%
Handball Daouda {Karaboué}
36%
Ski acrobatique Edgar {Grospiron}
36%
Cyclisme Grégory {Baugé}
36%
Tir à l'arc Jean-Charles {Valladon}t
36%
Cyclisme Miguel {Martinez}
36%
Volley Ball Yacine {Louati}
36%
Patinage artistique Gwendal {Peizerat}
27%
Judo Maxime-Gaël {Ngayap Hambou}
27%
Biathlon Sandrine {Bailly}
27%
Ski alpin Christine {Goitschel}
18%
Escrime Erwann {Le Péchoux}
18%
Biathlon Florence {Baverel-Robert}
18%
Ski alpin Marielle {Goitschel}
18%
Cyclisme Marion {Clignet}
18%
Cyclisme Michaël {D'Almeida}
18%
Biathlon Vincent {Jay}
18%
Biathlon Anne {Briand}
9%
Ski alpin Annie {Famose}
9%
Voile Camille {Lecointre}
9%
Canoë-kayak Fabien {Lefèvre}
9%
Ski de fond Jean-Marc {Gaillard}
9%
Cyclisme Laurent {Gané}
9%
Tennis Max {Decugis}
9%
Cyclisme Philippe {Ermenault}
9%
Equitation Pierre {Durand}
9%
Judo Stéphane {Traineau}
9%
Escrime Valérie {Barlois}
9%
Escrime Valérie {Barlois}
9%
Tir Achille {Paroche}
0%
Escrime Albert {Ayat}
0%
Tennis Albert {Canet}
0%
Tir Albert {Courquin}
0%
Cyclisme Arnaud {Geyre}
0%
Tir à l'arc Artur {Mabellon}
0%
Tir à l'arc Auguste {Serrurier}
0%
Voile Auguste {Texier}
0%
Equitation Charles {Marion}
0%
Lutte Charles {Pacôme}
0%
Lutte Daniel {Robin}
0%
Tir à l'arc Eugène {Grisot}
0%
Rugby à XV François {Borde}
0%
Croquet Gaston {Aumoitte}
0%
Aviron Gaston {Mercier}
0%
Croquet Georges {Johin}
0%
Escrime Georges {Tainturier}
0%
Escrime Gilles {Berolatti}
0%
Equitation Guy {Lefrant}
0%
Voile Henri {Mialaret}
0%
Voile Jacques {Doucet}
0%
Aviron Jacques {Morel}
0%
Ski alpin James {Couttet}
0%
Voile Jean-Baptiste {Charcot}
0%
Equitation Karim {Laghouag
0%
Escrime Léon {Sée}
0%
Cyclisme Louis {Chaillot}
0%
Aviron Maurice {Bouton}
0%
Tir Maurice {Lecoq}
0%
Escrime Michel {Pécheux}
0%
Escrime Nicolas {Lopez}
0%
Escrime Olivier {Lenglet}
0%
Tir à l'arc Pascal {Fauvel}
0%
Escrime Pascal {Jolyot}
0%
Tir à l'arc Paul {Leroy}
0%
Voile Robert {Linzeler}
0%
Aucun quiz correspondant
Distribution des résultats
% des personnes avec chaque résultat
Percentile par nombre de réponses
Votre historique - résultats
Vous n’avez pas pris ce quiz